LEADER 01165nam a2200277 i 4500 001 000000253818 003 CaOOAMICUS 005 20250507143702.0 008 170414s2016 it u000 u ita u 013 $a232723 020 $a978-88-215-9717-6 040 $aSeMil$bita 100 1 $aEsposito, Giuseppe,$c.$0(OLS)http://semarc/name/121981 245 10$aBartolo Longo :$bcarità e educazione /$cGiuseppe Esposito. 260 $aCinisello Balsamo :$bSan Paolo,$c2016. 300 $a124 p., [8] c. di tav. :$bill. ;$c19 cm. 490 0 $aSanti e Sante di Dio ;$v61 600 14$aLongo, Bartolo .$0(OLS)http://semarc/subject/1587 830 0$aSanti e sante di Dio ;$v61.$0(OLS)http://semarc/title/17351 850 $aSeMil 852 $aSeMil$W1$xVenegono$y1$m3J II 405$j204164$B204164$CSeMilBibl$Z2$F217596 $81 961 $aAcquisto: San Paolo (Agente) 996 $6020$a978-88-215-9717-6$9(OLS)http://semarc/number/276773 996 $6245$aBartolo Longo :$bcarità e educazione$9(OLS)http://semarc/title/410727 996 $6260$aCinisello Balsamo :$bSan Paolo$9(OLS)http://semarc/publisher/30129 LEADER 01660nam a2200349 4500 001 000000336064 003 CaOOAMICUS 005 20191008081654.0 008 190820s1988 it 000 u ita r 040 $aSeMil$bita 100 0 $aIoannes Paulus II,$c.$0(OLS)http://semarc/name/646 245 13$aLa dignità della donna /$cGiovanni Paolo 2. ; testo integrale dell'omonima lettera apostolica con i commenti di Arias, Baget Bozzo, Cappiello ... [et al.] ; a cura di Massimo Ubaldi. 264 1$aRoma :$bLogos,$c1988. 300 $a161 p. ;$c21 cm 490 1 $aEcclesia [Logos] ;$v5 650 4$aGiovanni Paolo II - Lettere apostoliche . Mulieris dignitatem.$0(OLS)http://semarc/subject/18894 650 4$aDonna - Dignità.$0(OLS)http://semarc/subject/32644 700 1 $aArias, Juan.$0(OLS)http://semarc/name/21393 700 1 $aCappiello, Agata Alma.$0(OLS)http://semarc/name/110096 700 1 $aUbaldi, Massimo.$0(OLS)http://semarc/name/40176 700 1 $aBaget Bozzo, Gianni,$c.$0(OLS)http://semarc/name/11146 830 0$aEcclesia ;$v5.$0(OLS)http://semarc/title/3692 850 $aSeMil 852 $aSeMil$W1$xVenegono$y1$m2A VII 318$j216687$B227891$CSeMilBibl$Z2$F227891 $81 900 1 $aWojtyla, Karol,$d<1920-2005>. 900 0 $aGiovanni Paolo II$c. 961 $aAntonelli don Mario - Omaggio 996 $6245$aLa dignità della donna$9(OLS)http://semarc/title/425363 996 $6264$aRoma :$bLogos$9(OLS)http://semarc/publisher/31609